Helena - Summer Body [paroles] - Statistiques

Statistiques générales
  • Ce quiz a été pris 138 fois
  • Le résultat moyen est 98 sur 141
Statistiques - réponses
Réponse % Correct
body
97%
summer
97%
la
95%
95%
pas
95%
je
92%
le
92%
sais
92%
quoi
91%
quoi ?
91%
tu
91%
à
89%
a
89%
me
89%
de
88%
l’été
88%
ma
87%
pour
87%
et
86%
fenêtre
86%
arrive
84%
dit
84%
mais
84%
sans
84%
toi
84%
trop
84%
filles
83%
pis
83%
que
83%
qui
83%
tant
83%
est
82%
les
82%
sur
80%
j’me
79%
moi
79%
plaire
79%
sens
79%
soleil
79%
comme
78%
dans
78%
prête
78%
si
78%
c’est
76%
des
76%
être
76%
« vite »
76%
fraîches
75%
il
75%
magazines
75%
ça
74%
fine
74%
peau
74%
plein
74%
vie
74%
belle
72%
du
72%
en
72%
j’passerai
72%
j’vais
72%
mes
72%
m’gâcher
71%
un
71%
fait
70%
honnête
70%
longtemps
70%
silhouette
70%
va
70%
vernis
70%
doigts
68%
miroir
68%
morale
68%
comment
67%
j’mets
67%
passé
67%
plage
67%
été
66%
l’histoire
66%
ou
66%
bikini
64%
bouche
64%
mon
64%
oreilles
64%
t’es
64%
tête
64%
vitrine
64%
avec
63%
cheveux
63%
coup
63%
diable
63%
épaule
63%
j’l’attends
63%
juste
63%
assez
62%
déformé
62%
mis
62%
par
62%
faire
61%
pêle ?
61%
y
61%
accroché
59%
d’sel ?
59%
j’fais
59%
j’suis
59%
j’veux
59%
mauvais
59%
m’dire
59%
n’existes
59%
toujours
59%
bien
58%
c’que
58%
entendre
58%
l’amour
58%
ni
58%
pleine
58%
t‘as
58%
aura
57%
d’soleil
57%
j’dois
57%
pâle
57%
corps
55%
j’ai
55%
l’seum
54%
qu’t’es
54%
sublimes
54%
cacher
53%
d’filles
53%
entourée
53%
kilos
53%
non
53%
m’fous
51%
n’existent
51%
qu’elles
51%
crème
50%
j’rêve
50%
recouvert
50%
trois
49%
gonflées
47%
poignées
47%
j’dis
43%
dis-moi
39%
Aucun quiz correspondant
Distribution des résultats
% des personnes avec chaque résultat
Percentile par nombre de réponses
Votre historique - résultats
Vous n’avez pas pris ce quiz